Seeking a faith of your own. (Record no. 13097)

000 -LEADER
fixed length control field 00536nam a2200181 a 4500
001 - CONTROL NUMBER
control field :::00010915$&:&@@
003 - CONTROL NUMBER IDENTIFIER
control field OkBaRHE
005 - DATE AND TIME OF LATEST TRANSACTION
control field 20000607103404.0
008 - FIXED-LENGTH DATA ELEMENTS--GENERAL INFORMATION
fixed length control field s1961 j 000 0 eng u
040 ## - CATALOGING SOURCE
Transcribing agency
100 1# - MAIN ENTRY--PERSONAL NAME
Personal name Walker, E. Jerry.
245 10 - TITLE STATEMENT
Title Seeking a faith of your own.
260 ## - PUBLICATION, DISTRIBUTION, ETC. (IMPRINT)
Place of publication, distribution, etc New York, NY.,
Name of publisher, distributor, etc Abingdon Press
Date of publication, distribution, etc c1961
300 ## - PHYSICAL DESCRIPTION
Extent 109 p. ;
Dimensions 19 cm.
650 ## - SUBJECT ADDED ENTRY--TOPICAL TERM
Topical term or geographic name as entry element Christian Life
942 ## - ADDED ENTRY ELEMENTS (KOHA)
Source of classification or shelving scheme
Koha item type Books
Copies
Damaged status Date acquired Not for loan Lost status Withdrawn status Shelving location Koha item type Copy number Full call number Date last seen Price effective from Barcode Permanent Location Source of classification or shelving scheme
 2010-04-14   General StacksBooks1BV 4501.2 .W3442010-04-142010-04-1410915RHEMA Bible Training College